Regions of Somaliland on a Map - Statistics

General Stats
  • This quiz has been taken 22 times
  • The average score is 4 of 6
Answers on the Map
Answers color-coded by a green-red scale on the quiz's map according to % correct below.
 
Answer Stats
Region % Correct
Awdal
88%
Sanaag
88%
Sool
75%
Sahil
63%
Togdheer
63%
Marodi Jeh
38%
No matching quizzes found
Score Distribution
Percent of People with Each Score
Percentile by Number Answered
Your Score History
You have not taken this quiz